| Tag |
First Indicator |
Second Indicator |
Subfields |
| LEADER |
00000nam a22000007i 4500 |
| 001 |
in00005613708 |
| 003 |
OCoLC |
| 005 |
20241209125547.0 |
| 006 |
m o d |
| 007 |
cr cnu---unuuu |
| 008 |
241017t20242024enk o 000 0 eng d |
| 024 |
8 |
|
|a 40032589420
|
| 040 |
|
|
|a OCLKB
|b eng
|e rda
|e pn
|c OCLKB
|d YDX
|
| 020 |
|
|
|a 9781009184335
|q electronic book
|
| 020 |
|
|
|a 1009184334
|q electronic book
|
| 020 |
|
|
|z 9781009517126
|
| 035 |
|
|
|a (OCoLC)1461817869
|
| 043 |
|
|
|a a-cc---
|
| 050 |
|
4 |
|a HX416.5
|b .D56 2024
|
| 082 |
0 |
4 |
|a 320.53/230951
|2 23/eng/20241209
|
| 100 |
1 |
|
|a Dimitrov, Martin K.,
|d 1975-
|e author.
|
| 245 |
1 |
4 |
|a The adaptability of the Chinese Communist Party /
|c Martin K. Dimitrov.
|
| 264 |
|
1 |
|a Cambridge, United Kingdom ;
|a New York, NY :
|b Cambridge University Press,
|c 2024.
|
| 264 |
|
4 |
|c ©2024
|
| 300 |
|
|
|a 1 online resource.
|
| 336 |
|
|
|a text
|b txt
|2 rdacontent
|
| 337 |
|
|
|a computer
|b c
|2 rdamedia
|
| 338 |
|
|
|a online resource
|b cr
|2 rdacarrier
|
| 490 |
1 |
|
|a Cambridge elements. Elements in politics and society in East Asia
|
| 588 |
|
|
|a Description based on online resource; title from digital title page (viewed on December 09, 2024).
|
| 610 |
2 |
0 |
|a Zhongguo gong chan dang
|x History.
|
| 650 |
|
0 |
|a Communism
|z China
|x History
|y 20th century.
|
| 650 |
|
0 |
|a Communism
|z China
|x History
|y 21st century.
|
| 651 |
|
0 |
|a China
|x Politics and government
|x History
|y 20th century.
|
| 651 |
|
0 |
|a China
|x Politics and government
|x History
|y 21st century.
|
| 655 |
|
7 |
|a Electronic books.
|2 local
|
| 710 |
2 |
|
|a Cambridge University Press
|
| 830 |
|
0 |
|a Cambridge elements.
|p Elements in politics and society in East Asia.
|
| 856 |
4 |
0 |
|u http://proxy.library.tamu.edu/login?url=https://doi.org/10.1017/9781009184335
|z Connect to the full text of this electronic book
|t 0
|
| 945 |
|
|
|a machinegen
|b 288887
|
| 955 |
|
|
|a YBP purchased approval e-records
|
| 980 |
|
|
|b ebook
|c 40032589420
|f NONFIC/B
|g 565751
|k USD
|m 235.00
|q 1
|s AcqMono Conventional
|t Approval plan
|u Vendor order reference number
|v ZYBP
|y E-approvals
|z Electronic resource
|
| 999 |
f |
f |
|i f2630e1a-776b-4db5-b072-45cd349d42b5
|s 00b4f375-665b-4816-a79c-b7e113705cb8
|t 0
|
| 952 |
f |
f |
|a Texas A&M University
|b College Station
|c Electronic Resources
|s www_evans
|d Available Online
|t 0
|e HX416.5 .D56 2024
|h Library of Congress classification
|